Biomecánica en ortodoncia clinica (Registro nro. 2273)
[ vista simple ]
| 000 -Cabecera | |
|---|---|
| Campo de control de longitud fija | 00815aam a2200301 4500 |
| 005 - Fecha y hora de la última transacción | |
| Campo de control | 20251120162054.0 |
| 008 - Elementos de longitud fija--Información general | |
| Campo de control de longitud fija | 150526b1998 xxu||||| |||| 00| 0 spa d |
| 020 ## - International Standard Book Number | |
| Número Internacional Estándar del Libro (ISBN) | 9500615185 |
| 041 ## - Idioma | |
| Código de idioma | Español |
| 082 ## - Clasificación Decimal Dewey | |
| Número de clasificación | 617.643 N176b |
| 100 ## - Entrada principal--Autor personal | |
| Nombre personal | Nanda, Ravindra |
| 9 (RLIN) | 17796 |
| 245 ## - Título propiamente dicho | |
| Título | Biomecánica en ortodoncia clinica |
| 260 ## - Pie de imprenta | |
| Lugar de publicación, distribución, etc. | España |
| 260 ## - Pie de imprenta | |
| Nombre del editor, distribuidor, etc. | Editorial Médica Paramericana |
| 260 ## - Pie de imprenta | |
| Fecha de publicación, distribución, etc. | 1998 |
| 300 ## - Descripción física | |
| Extensión | 308 páginas |
| 300 ## - Descripción física | |
| Otras características físicas | Ilustraciones a blanco y negro |
| 490 ## - Serie | |
| Título de la Serie | Mecánica Dental |
| 650 ## - Materia general | |
| Temática (materia general) | ORTODONCIA |
| 650 ## - Materia general | |
| Temática (materia general) | TRATAMIENTO ORTODÓNTICO |
| 650 ## - Materia general | |
| Temática (materia general) | MECÁNICA DE LOS ARCOS |
| 650 ## - Materia general | |
| Temática (materia general) | RETENCIÓN DE CANINOS |
| 650 ## - Materia general | |
| Temática (materia general) | MECANICA DE DESLIZAMIENTO |
| 650 ## - Materia general | |
| Temática (materia general) | TERAPIA CON EXTRACCIONES |
| 650 ## - Materia general | |
| Temática (materia general) | MALOCLUSIONES |
| 650 ## - Materia general | |
| Temática (materia general) | BIOMECÁNICA |
| 942 ## - Punto de acceso adicional KOHA | |
| Tipo de ítem KOHA | Libro |
| Fuente del sistema de clasificación o colocación | Dewey Decimal Classification |
| Signatura completa | Código de barras | Programa Académico | Tipo de ítem |
|---|---|---|---|
| 617.643 N176b | 15115 | Mecánica Dental | Libro |
| 617.643 N176b | 14337 | Mecánica Dental | Libro |